A catalogue of recent Mollusca for sale /

Bibliographic Details
Main Author: Webb, Walter Freeman, 1869-
Format: Book
Language:English
Published: [Rochester, N.Y.] : [Willard printing co., inc., pref.], [1939]
Subjects:

MARC

Tag First Indicator Second Indicator Subfields
LEADER 00000cam a2200000 4500
001 in00000665489
005 20151015083106.0
008 751024s1939 nyua bc 00010 eng
010 |a  41017154  
035 |a (OCoLC)01732456 
035 |9 ACY0013AM 
040 |a DLC  |c JPL  |d TXA  |d UtOrBLW 
049 |a TXAS  |c [520664] 
050 0 0 |a QL406  |b .W38 
082 0 |a 594.085 
090 |a QL406  |b .W38 1939 
092 |a 594.085  |b W368c, 1939 
100 1 |a Webb, Walter Freeman,  |d 1869- 
245 1 2 |a A catalogue of recent Mollusca for sale /  |c by Walter F. Webb ... Rochester, N.Y. 
264 1 |a [Rochester, N.Y.] :  |b [Willard printing co., inc., pref.],  |c [1939] 
300 |a 2 pages ., 148 pages :  |b illustrations ;  |c 23 cm. 
336 |a text  |b txt  |2 rdacontent 
337 |a unmediated  |b n  |2 rdamedia 
338 |a volume  |b nc  |2 rdacarrier 
500 |a Cover-title: A catalogue of recent Mollusca and other marine invertebrates from all parts of the world ... 
504 |a Includes bibliographies. 
650 0 |a Mollusks  |v Catalogs and collections. 
999 |a MARS 
999 f f |s f2409648-6151-3e13-a3c0-924fca1bbf9c  |i 0e94c9d1-5e90-3b13-964a-b97dd16d7990  |t 0 
952 f f |p noncirc  |a Texas A&M University  |b College Station  |c Cushing Memorial Library & Archives  |d Cushing: Rare Books (Does not check out)  |t 0  |e QL406 .W38 1939  |h Library of Congress classification  |i unmediated -- volume 
998 f f |a QL406 .W38 1939  |t 0  |l Cushing: Rare Books (Does not check out)